The History of mathematics : (Record no. 14362)

000 -LEADER
fixed length control field 01670nam a22003615a 4500
001 - CONTROL NUMBER
control field 132861
005 - DATE AND TIME OF LATEST TRANSACTION
control field 20170105102853.0
008 - FIXED-LENGTH DATA ELEMENTS--GENERAL INFORMATION
fixed length control field 870429s1987 enka 001 0 eng d
010 ## - LIBRARY OF CONGRESS CONTROL NUMBER
LC control number 97199216
015 ## - NATIONAL BIBLIOGRAPHY NUMBER
National bibliography number GB86-17098
020 ## - INTERNATIONAL STANDARD BOOK NUMBER
International Standard Book Number 0333427904 (cased) :
Terms of availability £30.00
020 ## - INTERNATIONAL STANDARD BOOK NUMBER
International Standard Book Number 0333427912 (pbk) :
Terms of availability £9.95
035 ## - SYSTEM CONTROL NUMBER
System control number (OCoLC)13903889
040 ## - CATALOGING SOURCE
Original cataloging agency Uk
Transcribing agency Uk
Modifying agency IaPeC
-- DLC
042 ## - AUTHENTICATION CODE
Authentication code lccopycat
050 00 - LIBRARY OF CONGRESS CALL NUMBER
Classification number IN PROCESS (UTILITY LOAD)
050 10 - LIBRARY OF CONGRESS CALL NUMBER
Classification number QA21
082 04 - DEWEY DECIMAL CLASSIFICATION NUMBER
Classification number 510.9
Edition number 19
245 04 - TITLE STATEMENT
Title The History of mathematics :
Remainder of title a reader /
Statement of responsibility, etc. edited by John Fauvel and Jeremy Gray.
260 ## - PUBLICATION, DISTRIBUTION, ETC.
Place of publication, distribution, etc. Basingstoke :
Name of publisher, distributor, etc. Macmillan Education in association with the Open University,
Date of publication, distribution, etc. 1987.
300 ## - PHYSICAL DESCRIPTION
Extent xxiv, 628 p. :
Other physical details ill. ;
Dimensions 26 cm.
500 ## - GENERAL NOTE
General note Includes index.
504 ## - BIBLIOGRAPHY, ETC. NOTE
Bibliography, etc. note Bibliography: pxxiv.
505 2# - FORMATTED CONTENTS NOTE
Formatted contents note Origins -- Mathematics in classical Greece -- Euclid's elements -- Archimedes and Apollonius -- Mathematical traditions in the Hellenistic Age -- Islamic mathematics -- Mathematics in mediaeval Europe -- Sixteenth-century European mathematics -- Mathematical sciences in Tudor and Stuart England -- Mathematics and the scientific revolution -- Isaac Newton -- Leibniz and his followers -- Euler and his contempories -- Gauss, and the origins of structural algebra -- Non-Euclidean geometry -- Projective geometry in the nineteenth century -- The mechanization of calculation.
650 #0 - SUBJECT ADDED ENTRY--TOPICAL TERM
Topical term or geographic name entry element Mathematics
General subdivision History.
653 ## - INDEX TERM--UNCONTROLLED
Uncontrolled term Mathematics, to 1982
700 1# - ADDED ENTRY--PERSONAL NAME
Personal name Fauvel, John.
700 1# - ADDED ENTRY--PERSONAL NAME
Personal name Gray, Jeremy,
Dates associated with a name 1947-
710 2# - ADDED ENTRY--CORPORATE NAME
Corporate name or jurisdiction name as entry element Open University.
906 ## - LOCAL DATA ELEMENT F, LDF (RLIN)
a 0
b ibc
c copycat
d u
e ncip
f 19
g y-gencatlg
942 ## - ADDED ENTRY ELEMENTS (KOHA)
Source of classification or shelving scheme
Koha item type Book
Holdings
Withdrawn status Lost status Damaged status Not for loan Collection code Permanent Location Current Location Shelving location Date acquired Total Checkouts Full call number Barcode Date last seen Price effective from Koha item type
          Centre for International Peace & Stability (CIPS) Centre for International Peace & Stability (CIPS) General Stacks 08/06/2013   510.9 HIS 1987 CIPS0000635 08/21/2013 08/21/2013 Book
© 2023 Central Library, National University of Sciences and Technology. All Rights Reserved.